The last resort : (Record no. 83295)
[ view plain ]
| 000 -LEADER | |
|---|---|
| fixed length control field | 00581nam a2200205 a 4500 |
| 001 - CONTROL NUMBER | |
| control field | 83295 |
| 003 - CONTROL NUMBER IDENTIFIER | |
| rucl marc code | BD-RjUL |
| 005 - DATE AND TIME OF LATEST TRANSACTION | |
| control field | 20240311105239.0 |
| 008 - FIXED-LENGTH DATA ELEMENTS--GENERAL INFORMATION | |
| fixed length control field | 240311s19651956enk 000 0 eng d |
| 035 ## - SYSTEM CONTROL NUMBER | |
| System control number | (BD-RjUL)83295 |
| 040 ## - CATALOGING SOURCE | |
| Original cataloging agency | BGU |
| Language of cataloging | eng |
| Transcribing agency | BD-RjUL |
| 041 ## - LANGUAGE CODE | |
| Language code of text/sound track or separate title | eng |
| 082 ## - DEWEY DECIMAL CLASSIFICATION NUMBER | |
| Edition number | 23 |
| Classification number | 823 |
| Author mark and year | JOL 1965 |
| 100 1# - MAIN ENTRY--PERSONAL NAME | |
| Personal name | Johnson, Pamela Hansford, |
| Dates associated with a name | 1912-1981 |
| 9 (RLIN) | 12136 |
| 245 14 - TITLE STATEMENT | |
| Title | The last resort : |
| Remainder of title | a novel / |
| Statement of responsibility, etc. | by Pamela Hansford Johnson. |
| 260 ## - PUBLICATION, DISTRIBUTION, ETC. (IMPRINT) | |
| Place of publication, distribution, etc. | London : |
| Name of publisher, distributor, etc. | Macmillan, |
| Date of publication, distribution, etc. | 1956 (reprinted 1965) |
| 300 ## - PHYSICAL DESCRIPTION | |
| Pagination | 297 p.; |
| Size | 21 cm. |
| 650 ## - SUBJECT ADDED ENTRY--TOPICAL TERM | |
| Topical term or geographic name as entry element | English novel |
| 9 (RLIN) | 11021 |
| 942 ## - ADDED ENTRY ELEMENTS (KOHA) | |
| Source of classification or shelving scheme | Dewey Decimal Classification |
| Koha item type | Books |
| Lost status | Source of classification or shelving scheme | Damaged status | Not for loan | Collection code | Permanent Location | Current Location | Shelving location | Date acquired | Source of acquisition | Cost, normal purchase price | Total Checkouts | Full call number | Date last seen | Copy number | Koha item type |
|---|---|---|---|---|---|---|---|---|---|---|---|---|---|---|---|
| Dewey Decimal Classification | Not For Loan | Fiction | Central Library, University of Rajshahi | Central Library, University of Rajshahi | Reading Room | 31/10/1968 | Zeitlinger | 21.00 | 823 JOL 1965 | 11/03/2024 | C-1 | Books |